Normal view
MARC view
- Portland Cement Association, Chicago.
Entry Corporate Name
001 - CONTROL NUMBER
- control field: 3092
003 - CONTROL NUMBER IDENTIFIER
- control field: NUST
005 - DATE AND TIME OF LATEST TRANSACTION
- control field: 20170622125708.0
008 - FIXED-LENGTH DATA ELEMENTS
- fixed length control field: 170622|| aca||aabn | a|a d
040 ## - CATALOGING SOURCE
- Original cataloging agency: NUST
- Transcribing agency: NUST
110 ## - HEADING--CORPORATE NAME
- Corporate name or jurisdiction name as entry element: Portland Cement Association, Chicago.
- Subordinate unit: Water Resources Bureau. [from old catalog]
670 ## - SOURCE DATA FOUND
- Source citation: Work cat.: (NUST)0: Portland Cement Association, Chicago. Water Resources Bureau. [from old catalog], Handbook of concrete culvert pipe hydraulics., [1964]
